| 000 | 01073nam a22002777a 4500 | ||
|---|---|---|---|
| 001 | 1156 | ||
| 005 | 20230808103847.0 | ||
| 008 | 230804b cb ||||| |||| 00| 0 khr d | ||
| 020 | _a9789924341031 | ||
| 040 |
_aFISKH _beng _cFISKH _dFISKH |
||
| 082 | _a974.4 | ||
| 100 | _aHaly, Kan | ||
| 245 | _aភូមិខ្ញុំ / | ||
| 246 | _aMy village | ||
| 260 |
_aPhnom Penh : _bSipar, _c2021. |
||
| 300 |
_a16 unnumbered pages : _bcolor illustrations ; _c17 cm |
||
| 505 | _aaa | ||
| 520 | _aកុមារតូចនឹងបានរៀនពីពាក្យដំបូងនៃអ្វើដែលមានជុំវិញពួកគេអមជាមួយរូបភាពពណ៍ផ្សេងៗ។ | ||
| 520 | _aBasic vocabulary of pictures around us with painted pictures are introduced to young children. | ||
| 521 |
_a10
_bLexile estimate |
||
| 521 |
_aaa
_bRaz-Plus |
||
| 650 |
_aភូមិ _vរូបភាព |
||
| 650 |
_aVillage _vPictures |
||
| 700 |
_aVisoth, Seng _cillustrator |
||
| 942 |
_2ddc _cBK _n0 |
||
| 999 |
_c1156 _d1156 |
||